Herzog
Gespeichert in:
| 1. Verfasser: | |
|---|---|
| Format: | Buch |
| Sprache: | Englisch |
| Veröffentlicht: |
Nueva York
The Viking Press
1964
|
| Schlagworte: | |
| Tags: |
Tag hinzufügen
Keine Tags, Fügen Sie den ersten Tag hinzu!
|
MARC
| LEADER | 00000nam a2200000 a 4500 | ||
|---|---|---|---|
| 001 | UCY2653 | ||
| 003 | CL-VaPUC | ||
| 008 | 941109e19640000US |||||||||||||||||eng|d | ||
| 082 | 0 | 4 | |a 813 |b BEL |2 21 |
| 100 | 0 | |a Bellow, Saul |e author |9 330731 | |
| 245 | 1 | 0 | |a Herzog |
| 300 | |a 341 p | ||
| 942 | |c BK | ||
| 945 | |d 19941109 00:00:00 |a rbrito | ||
| 260 | |a Nueva York |b The Viking Press |c 1964 | ||
| 650 | 0 | |a Novelas estadounidenses |9 265217 | |
| 583 | |a last modification |c 19941109 00:00:00 |k Rodrigo Vera | ||
| 999 | |c 231010 |d 231008 | ||
| 952 | |0 0 |1 0 |4 0 |6 813_000000000000000_BEL_1964 |7 0 |8 A |9 233761 |a BIBEDU |b BIBEDU |d 2019-11-15 |i 3031926 |o 813 BEL 1964 |p 3031926 |r 2019-11-15 |w 2019-11-15 |y BK |k LIT | ||